000 00671nam a2200217Ia 4500
008 240729s9999 xx 000 0 und d
022 _a1751-8717
245 0 _aIET Information Security
260 _aUnited Kingdom
260 _bHindawi-IET
650 _a Computer engineering. Computer hardware | Science
650 _a Electrical engineering. Electronics. Nuclear engineering
650 _a Electronic computers. Computer science
650 _a Electronics
650 _a Instruments and machines
650 _a Mathematics
650 _aTechnology
856 _uhttps://doaj.org/toc/e17fb2ce75cc4e53a77b30fa568605ce
942 _2ddc
942 _cDOAJEJ
999 _c73506
_d73506
945 _a1
_bMadushi Gamage
_c1
_dMadushi Gamage